000 00577nam a2200205Ia 4500
005 20250923145328.0
008 008 250917s9999 xx 000 0 eng d
037 _aTextual
040 _aDSWL
_beng
_cDSWL
041 _aeng
_2eng
084 _aYOaZ, N73
_qDSWL
100 _aMorris, Pauline
_9834124
245 0 _aSocial needs and legal action
_c by Pauline . Morris
260 _aLondon
_bMartin Robertsan & Co. Ltd.
_c1973
300 _a97p.
365 _aINR
_b17 . 2
925 _g17 . 2
942 _cTEXL
_hYOaZ, N73
999 _c1450051
_d1450051